Statistics for All Washington DC Metro Stations on a Map

Click here to take the quiz!

General Stats

  • This quiz has been taken 1,440 times
    (1,325 since last reset)
  • The average score is 34 of 91

Answers on the Map

Answers color-coded by a green-red scale on the quiz's map according to % correct below.
 

Answer Stats

Station% Correct
Metro Center
71%
Arlington Cemetery
69%
Pentagon
69%
Foggy Bottom GWU
66%
Smithsonian
64%
King Street-Old Town
63%
Bethesda
61%
Union Station
61%
Silver Spring
60%
Dupont Circle
59%
National Airport
59%
L'Enfant Plaza
58%
Gallery Place
57%
Rosslyn
57%
Crystal City
55%
Shady Grove
55%
Farragut North
54%
Woodley Park
54%
Vienna
53%
Rockville
52%
Farragut West
51%
Navy Yard-Ballpark
51%
Pentagon City
51%
Greenbelt
50%
College Park-U of Maryland
47%
Glenmont
45%
Fort Totten
43%
Tenleytown-AU
43%
Anacostia
42%
Friendship Heights
42%
New Carrollton
41%
Tyson's Corner
41%
U Street
41%
Ballston-MU
40%
East Falls Church
40%
Judiciary Square
40%
Archives
39%
Federal Triangle
39%
Franconia-Springfield
39%
Court House
38%
McPherson Square
38%
NoMa-Gallaudet U
38%
West Falls Church
38%
Takoma
37%
Capitol South
36%
Cleveland Park
36%
Stadium-Armory
36%
Wheaton
36%
Largo Town Center
35%
Clarendon
34%
Huntington
34%
Van Ness-UDC
34%
Columbia Heights
33%
Eastern Market
33%
Medical Center
33%
Waterfront
33%
McLean
31%
Brookland-CUA
29%
Rhode Island Avenue-Brentwood
29%
Branch Avenue
28%
Dunn Loring
28%
Virginia Square-GMU
28%
White Flint
28%
Wiehle-Reston East
28%
Federal Center SW
27%
Mount Vernon Square
27%
Twinbrook
27%
Georgia Avenue-Petworth
26%
Braddock Road
23%
Capitol Heights
22%
Eisenhower Avenue
22%
Forest Glen
22%
Minnesota Avenue
22%
Landover
21%
Prince George's Plaza
21%
Shaw-Howard Univ
21%
Suitland
21%
Grosvenor-Strathmore
20%
Cheverly
19%
Potomac Avenue
19%
Van Dorn Street
19%
West Hyattsville
19%
Congress Heights
18%
Deanwood
17%
Greensboro
17%
Addison Road
16%
Benning Road
16%
Spring Hill
16%
Morgan Boulevard
14%
Naylor Road
14%
Southern Avenue
13%

Score Distribution

Percentile by Number Answered

Percent of People with Each Score

Your Score History

You have not taken this quiz since the last reset